[Event "IV Turniej Szachowy „Cztery Pory Roku” o Puchar Burmistrza Ursusa - grupa A"]
[Site "Dom Kultury "Kolorowa" Ursus ul. Sosnkowskiego 16"]
[Date "2011.??.??"]
[Round "6.1"]
[White "Strzemiecki, Zbigniew"]
[Black "Brudzinski, Maciej"]
[Result "1/2-1/2"]
[WhiteElo "2422"]
[BlackElo "1879"]
[WhiteTitle "FM"]
[BlackTitle "I+"]

1.e4 d6 2.d4 Nf6 3.Nc3 g6 4.f4 Bg7 5.Nf3 O-O 6.Bd3 Nc6 7.O-O Bg4 8.Be3 e5 
9.dxe5 dxe5 10.h3 exf4 11.Bxf4 Nh5 12.Bh2 Bxf3 13.Qxf3 Ne5 14.Qe2 Nxd3 15.
cxd3 c6 16.e5 Qd4+ 17.Kh1 Rae8 18.g4 Nf6 19.Qf2 Qxf2 20.Rxf2 Nd7 21.d4 c5 
22.dxc5 Nxc5 23.Nd5 Bxe5 24.Re2 f6 25.Rae1 Nd3 26.Rd1 Bxh2 27.Rxh2 Nc5 28.
Rc2 Ne4 29.Kg2 Ng5 30.h4 Ne6 31.Re2 Kg7 32.Rde1 Rd8 33.Rxe6 Rxd5 34.R1e2 
Rf7 35.b3 h5 36.gxh5 Rxh5 37.Kg3 Rf5 38.Re8 Rf1 39.Ra8 a6 40.Ree8 f5 41.
Rg8+ Kf6 42.Rad8 Ke7 1/2-1/2

[Event "IV Turniej Szachowy „Cztery Pory Roku” o Puchar Burmistrza Ursusa - grupa A"]
[Site "Dom Kultury "Kolorowa" Ursus ul. Sosnkowskiego 16"]
[Date "2011.??.??"]
[Round "6.2"]
[White "Kaminska, Paulina"]
[Black "Jarmula, Lukasz"]
[Result "0-1"]
[WhiteElo "1914"]
[BlackElo "1871"]
[WhiteTitle "k"]
[BlackTitle "I"]

1.e4 c5 2.Nf3 d6 3.d4 cxd4 4.Nxd4 Nf6 5.Nc3 a6 6.Be2 g6 7.Be3 Bg7 8.O-O 
O-O 9.Kh1 Nbd7 10.f4 e5 11.Nf3 Qc7 12.Rc1 b5 13.Nd5 Nxd5 14.exd5 exf4 15.
Bd4 Ne5 16.Nd2 Bb7 17.Rxf4 Bxd5 18.c4 bxc4 19.Nxc4 Qe7 20.Nxe5 Bxe5 21.
Bxe5 dxe5 22.Ra4 Qb7 23.Qf1 Qxb2 24.Rc7 Rac8 25.Rxc8 Rxc8 26.Rg4 Rc1 27.
Bd1 Qd2 0-1

[Event "IV Turniej Szachowy „Cztery Pory Roku” o Puchar Burmistrza Ursusa - grupa A"]
[Site "Dom Kultury "Kolorowa" Ursus ul. Sosnkowskiego 16"]
[Date "2011.??.??"]
[Round "6.3"]
[White "Nowicki, Bartosz"]
[Black "Janczarski, Michal"]
[Result "1/2-1/2"]
[WhiteElo "2138"]
[BlackElo "2331"]
[WhiteTitle "k"]
[BlackTitle "k++"]

1.e4 g6 2.d4 Bg7 3.Nc3 c6 4.f4 d5 5.e5 h5 6.Bd3 Nh6 7.Nf3 Bf5 8.Be3 e6 9.
Qd2 Nd7 10.Bf2 Bxd3 11.Qxd3 Nf5 12.Ne2 c5 13.dxc5 O-O 14.O-O Qa5 15.Qc3 
Qxc3 16.Nxc3 Rfc8 17.b4 b6 18.Na4 Bf8 19.cxb6 axb6 20.Nxb6 Nxb6 21.Bxb6 
Bxb4 22.a4 Rxc2 23.a5 Bc5+ 24.Bxc5 Rxc5 25.Rfb1 Rcxa5 26.Rxa5 Rxa5 27.Rb8+
Kg7 28.Rb7 Ra1+ 29.Kf2 Ra2+ 30.Ke1 Rxg2 31.Ng5 Rxg5 32.fxg5 Nd4 33.Kf2 Nc6
34.Re7 Nxe5 35.h3 Nc4 36.Kf3 Nd2+ 37.Kf4 Ne4 38.Ra7 Nd6 39.Rd7 Nc4 40.Ra7 
e5+ 41.Kf3 Nd2+ 42.Ke3 Ne4 43.h4 Nd6 44.Kf2 Nf5 45.Ra5 d4 46.Rxe5 Nxh4 47.
Re7 Nf5 48.Rd7 Kf8 49.Kf3 Ke8 50.Ra7 Ng7 51.Ke4 Ne6 52.Ke5 Nxg5 53.Kf6 
Ne4+ 54.Ke5 Nc3 55.Ra8+ Ke7 56.Ra7+ Kf8 57.Kf6 Ne4+ 58.Ke5 Nf2 59.Kxd4 Kg7
60.Ke5 Ng4+ 61.Kf4 Nh6 62.Kg5 Nf5 63.Rb7 Nd4 64.Ra7 Ne6+ 65.Kh4 Kf6 66.Ra6
Kf5 67.Ra5+ Ke4 68.Ra4+ Kf5 69.Ra5+ Kf6 70.Ra6 Kg7 71.Ra7 Nd4 72.Kg5 Nf5 
73.Rb7 Ne3 74.Ra7 Ng4 75.Rb7 Kf8 76.Ra7 Kg7 77.Rb7 Ne5 78.Ra7 Nc6 79.Rb7 
Nd8 80.Ra7 Ne6+ 81.Kh4 Kf6 82.Ra6 Kf5 83.Ra5+ Ke4 84.Ra4+ Nd4 85.Kg5 f5 
86.Kxg6 h4 87.Kh5 h3 88.Kh4 h2 89.Ra1 f4 1/2-1/2

[Event "IV Turniej Szachowy „Cztery Pory Roku” o Puchar Burmistrza Ursusa - grupa A"]
[Site "Dom Kultury "Kolorowa" Ursus ul. Sosnkowskiego 16"]
[Date "2011.??.??"]
[Round "6.4"]
[White "Ciechonski, Piotr"]
[Black "Jarmula, Pawel"]
[Result "0-1"]
[WhiteElo "1888"]
[BlackElo "2081"]
[WhiteTitle "I"]
[BlackTitle "I"]

1.e4 c5 2.Nf3 d6 3.d4 cxd4 4.Nxd4 Nf6 5.Nc3 a6 6.Be3 Ng4 7.Bg5 h6 8.Bh4 g5
9.Bg3 Bg7 10.Be2 h5 11.h4 gxh4 12.Bxh4 Nc6 13.Nb3 Be6 14.Qd2 Qc7 15.O-O-O 
O-O-O 16.Nd5 Bxd5 17.exd5 Nce5 18.Kb1 Rde8 19.Rh3 Ng6 20.Rc3 Bxc3 21.bxc3 
Nxh4 22.Rf1 Ng6 23.Nd4 N6e5 24.f3 Nf6 25.Ka1 Nxd5 0-1

[Event "IV Turniej Szachowy „Cztery Pory Roku” o Puchar Burmistrza Ursusa - grupa A"]
[Site "Dom Kultury "Kolorowa" Ursus ul. Sosnkowskiego 16"]
[Date "2011.??.??"]
[Round "6.5"]
[White "Grochulski, Grzegorz"]
[Black "Suliborski, Jakub"]
[Result "0-1"]
[WhiteElo "2057"]
[BlackElo "1902"]
[WhiteTitle "I"]
[BlackTitle "I"]

1.e4 e6 2.d3 c5 3.Nf3 Nc6 4.g3 b6 5.Bg2 Bb7 6.O-O Nf6 7.Re1 Be7 8.c3 d5 9.
e5 Nd7 10.Nbd2 Qc7 11.Qe2 b5 12.Nf1 a5 13.Bf4 a4 14.Ne3 Nb6 15.a3 Na5 16.
Ng5 h6 17.Qh5 g6 18.Nxe6 fxe6 19.Qxg6+ Kd7 20.Nf5 Rag8 21.Ng7 Qc6 22.Bh3 
d4 23.Re4 Nd5 24.Qxe6+ Kd8 25.Qxc6 Bxc6 26.Ne6+ Ke8 27.cxd4 c4 28.dxc4 
Nxc4 29.Rc1 Bd7 30.Bf5 Bf8 31.Nc7+ Nxc7 32.Bxd7+ Kxd7 33.Rd1 Nd5 34.e6+ 
Ke8 35.Re5 Nxe5 36.Bxe5 Bg7 37.Bd6 Bf8 38.Be5 Ke7 39.Re1 Bg7 40.f4 Bxe5 
41.dxe5 Nxf4 0-1

[Event "IV Turniej Szachowy „Cztery Pory Roku” o Puchar Burmistrza Ursusa - grupa A"]
[Site "Dom Kultury "Kolorowa" Ursus ul. Sosnkowskiego 16"]
[Date "2011.??.??"]
[Round "6.6"]
[White "Eggink, Mateusz"]
[Black "Borowicz, Przemyslaw"]
[Result "1-0"]
[WhiteElo "1973"]
[BlackElo "2005"]
[WhiteTitle "II+"]
[BlackTitle "I++"]

1.e4 c6 2.c4 e6 3.Nc3 d5 4.exd5 exd5 5.cxd5 cxd5 6.Nf3 Nf6 7.Bb5+ Bd7 8.
O-O Be7 9.Qb3 Bxb5 10.Qxb5+ Qd7 11.Re1 Nc6 12.Ne5 Nxe5 13.Rxe5 Qxb5 14.
Nxb5 Kd7 15.d4 Bb4 16.Bg5 a6 17.Nc3 Bxc3 18.bxc3 Ne4 19.Rxd5+ Kc6 20.Re5 
Rhe8 21.Be7 Kd7 22.Rxe4 Rxe7 23.Rxe7+ Kxe7 24.Kf1 Rc8 25.Rc1 Rc4 26.Ke2 
Kd6 27.Kd3 b5 28.Rc2 f6 29.f4 Kd5 30.Rb2 Ra4 31.g4 g6 32.h4 Rc4 33.Rb4 Rc7
34.a4 Rb7 35.axb5 axb5 36.Rxb5+ 1-0

[Event "IV Turniej Szachowy „Cztery Pory Roku” o Puchar Burmistrza Ursusa - grupa A"]
[Site "Dom Kultury "Kolorowa" Ursus ul. Sosnkowskiego 16"]
[Date "2011.??.??"]
[Round "6.7"]
[White "Rogalski, Krzysztof"]
[Black "Lewandrowski, Tomasz"]
[Result "1/2-1/2"]
[WhiteElo "1919"]
[BlackElo "1835"]
[WhiteTitle "I"]
[BlackTitle "II+"]

1.d4 g6 2.e4 Bg7 3.Nf3 d6 4.Bf4 c5 5.c3 cxd4 6.cxd4 Nf6 7.Bb5+ Nbd7 8.Nc3 
O-O 9.O-O Qb6 10.Qe2 Ne8 11.Nd5 Qd8 12.Rac1 Ndf6 13.Nc3 Bg4 14.Rfd1 a6 15.
Bc4 Rc8 16.Bb3 Nc7 17.h3 Be6 18.d5 Bd7 19.e5 Nfe8 20.Bg5 f6 21.exd6 Nxd6 
22.Bf4 Ncb5 23.Ne4 Rxc1 24.Rxc1 Nxe4 25.Qxe4 Nd6 26.Qb4 a5 27.Qc5 b6 28.
Qc7 Bc8 29.Qxd8 Rxd8 30.Be3 Bd7 31.Bxb6 Ra8 32.Rc7 Be8 33.Rxe7 a4 34.Bc2 
Bf7 35.Rd7 Bf8 36.Bc5 Rc8 37.Bxd6 Bxd6 38.Rxd6 Rxc2 39.Rd8+ Kg7 40.d6 Rxb2
41.d7 Rb1+ 42.Kh2 Rd1 43.a3 Be6 44.Ra8 Bxd7 45.Kg3 Kh6 46.Kf4 Rd3 47.Rd8 
g5+ 48.Kg3 Kg6 49.Kh2 Kf7 50.Ne1 Rd1 51.Nc2 Ke7 52.Rh8 Rd2 53.Rxh7+ Ke6 
54.Ne3 Rxf2 55.h4 gxh4 56.Rxh4 Bc6 57.Rg4 Bb5 58.Rb4 Re2 59.Nc4 Bc6 60.Rb6
Kd7 61.Rb2 Re4 62.Rd2+ Kc7 63.Rc2 Kd7 64.Rd2+ Ke7 65.Nd6 Re1 66.Nf5+ Kf8 
67.Rd6 Bb5 68.Rxf6+ Kg8 69.Nd6 Bd3 70.Rf4 Bc2 71.Nc4 Re4 72.Rxe4 Bxe4 73.
g4 Kg7 74.Kg3 Kf6 75.Kf4 Bc2 76.Ne5 Bb1 77.g5+ Kg7 78.Ke3 Kf8 79.Kd4 Kg7 
80.Kc5 Bc2 81.Kd6 Bb1 82.Ke6 Ba2+ 83.Kf5 Bb1+ 84.Kf4 Bc2 85.Nc4 Bb3 86.Ne5
Bc2 87.Nd7 Bb3 88.Nc5 Bc2 89.Ke3 Kg6 90.Kd2 Bf5 91.Nxa4 Kxg5 92.Nc5 Kf6 
93.Kc3 Ke5 94.Kc4 Bh3 95.Kb5 Bg4 96.a4 Be2+ 97.Kb6 Kd5 98.a5 Kd6 1/2-1/2

[Event "IV Turniej Szachowy „Cztery Pory Roku” o Puchar Burmistrza Ursusa - grupa A"]
[Site "Dom Kultury "Kolorowa" Ursus ul. Sosnkowskiego 16"]
[Date "2011.??.??"]
[Round "6.9"]
[White "Mincewicz, Tomasz"]
[Black "Ogonowski, Jakub"]
[Result "0-1"]
[WhiteElo "1386"]
[BlackElo "1725"]
[WhiteTitle "III"]
[BlackTitle "II"]

1.d4 Nf6 2.c4 g6 3.Nc3 Bg7 4.e4 d6 5.Nf3 O-O 6.Be2 c5 7.dxc5 dxc5 8.O-O 
Nc6 9.Be3 b6 10.Qxd8 Rxd8 11.Rfd1 Bb7 12.h3 Nb4 13.e5 Ne8 14.Bf4 Nc7 15.a3
Nc2 16.Rac1 Ne6 17.Rxc2 Nxf4 18.Rcd2 Nxe2+ 19.Rxe2 Rxd1+ 20.Nxd1 Rd8 21.
Nc3 Rd3 22.Ne4 Bh6 23.Neg5 Ba6 24.Re4 Bg7 25.Rf4 f5 26.exf6 Bxf6 27.Ne6 
Bb7 28.Ne5 Rd1+ 29.Kh2 Bxe5 0-1

[Event "IV Turniej Szachowy „Cztery Pory Roku” o Puchar Burmistrza Ursusa - grupa A"]
[Site "Dom Kultury "Kolorowa" Ursus ul. Sosnkowskiego 16"]
[Date "2011.??.??"]
[Round "6.10"]
[White "Reda, Patrycja"]
[Black "Matuszewski, Maciej"]
[Result "0-1"]
[WhiteElo "1345"]
[BlackElo "1632"]
[WhiteTitle "II"]
[BlackTitle "II"]

1.e4 Nf6 2.e5 Nd5 3.c4 Nb6 4.d4 d6 5.Nf3 Nc6 6.Bf4 Bg4 7.Be2 g6 8.h3 Bxf3 
9.Bxf3 Bg7 10.Bxc6+ bxc6 11.Qe2 O-O 12.O-O e6 13.Nc3 dxe5 14.Bxe5 Bxe5 15.
dxe5 Qd4 16.Rac1 Qxc4 17.Qxc4 Nxc4 18.b3 Nxe5 19.Ne4 Rad8 20.f4 Nd3 21.
Rxc6 Rd4 22.Nf6+ Kg7 23.Ng4 Rxf4 24.Rxf4 Nxf4 25.Rxc7 Nd3 26.a4 a5 27.Rb7 
Rc8 28.Rb5 Rc5 29.Rb7 Nc1 30.Kf1 Rc3 31.b4 Rb3 32.b5 Nd3 33.Ra7 Rb4 34.
Rxa5 Nc5 35.Ne5 Nxa4 36.Ra7 Rxb5 37.Rxf7+ Kg8 38.Rf4 Rxe5 39.Rxa4 Kf7 40.
Kf2 Kf6 41.Kg3 Re3+ 42.Kf4 Re1 43.Kg3 Rf1 44.Ra8 Kg5 45.h4+ Kh5 46.Ra6 e5 
47.Ra5 Re1 48.Kf2 Re4 49.Kf3 Rf4+ 50.Kg3 Rf5 51.Kh3 Kh6 52.Ra4 Rf1 53.Re4 
Rf5 54.g4 Rf3+ 55.Kg2 Rf4 56.Rxf4 exf4 57.h5 gxh5 58.gxh5 Kxh5 59.Kf3 Kg5 
0-1

[Event "IV Turniej Szachowy „Cztery Pory Roku” o Puchar Burmistrza Ursusa - grupa A"]
[Site "Dom Kultury "Kolorowa" Ursus ul. Sosnkowskiego 16"]
[Date "2011.??.??"]
[Round "6.11"]
[White "Stezycka, Paulina"]
[Black "Powalka, Michal"]
[Result "0-1"]
[WhiteElo "1571"]
[BlackElo "1423"]
[WhiteTitle "II+"]
[BlackTitle "II"]

1.e4 e5 2.Nf3 Nf6 3.Nc3 Nc6 4.Bc4 Bc5 5.d3 d6 6.h3 Be6 7.Bb3 Qd7 8.Bg5 h6 
9.Bh4 Nh5 10.Nd2 Nf4 11.Bxe6 fxe6 12.Qf3 Nd4 13.Qd1 Nxg2+ 14.Kf1 Nxh4 15.
Qh5+ Qf7 16.Qxh4 O-O 17.Rh2 Nxc2 18.Rc1 Nb4 19.Qg3 Qf4 20.Qxf4 Rxf4 21.Ke2
Raf8 22.Rf1 Nc2 23.Nb3 Nd4+ 24.Nxd4 Bxd4 25.a3 Rf3 26.Nd1 c5 27.Nc3 a6 28.
Nd1 b5 29.Nc3 c4 30.dxc4 bxc4 31.Nd1 d5 32.exd5 exd5 33.Kd2 Rb3 34.Kc1 
Rff3 35.Rfh1 Rf6 36.Rf1 e4 37.Re1 Rff3 38.Reh1 Be5 39.Rg2 Rxh3 40.Rhg1 g5 
41.Rg4 Kf7 42.Re1 Ke6 43.Re2 Rh2 44.Ne3 Rxe3 45.Rxe3 Bf4 46.Rxf4 gxf4 47.
Re2 Ke5 0-1

[Event "IV Turniej Szachowy „Cztery Pory Roku” o Puchar Burmistrza Ursusa - grupa A"]
[Site "Dom Kultury "Kolorowa" Ursus ul. Sosnkowskiego 16"]
[Date "2011.??.??"]
[Round "6.14"]
[White "Chmielewska, Joanna"]
[Black "Reda, Lucja"]
[Result "1-0"]
[WhiteElo "1717"]
[BlackElo "1304"]
[WhiteTitle "I+"]
[BlackTitle "II"]

1.e4 e5 2.Nf3 Nc6 3.Bc4 Bc5 4.d3 Nf6 5.O-O h6 6.c3 Bb6 7.Nbd2 O-O 8.Re1 d6
9.Nf1 Re8 10.Be3 Bg4 11.Bxb6 axb6 12.Ne3 Bh5 13.Nd5 Na5 14.Ne3 Nxc4 15.
Nxc4 Qe7 16.h3 b5 17.Ne3 c6 18.Nf5 Qd7 19.Ng3 Bg6 20.Nh4 Bh7 21.Qf3 c5 22.
Nhf5 Bxf5 23.Nxf5 Kh7 24.Qg3 Nh5 25.Qg4 g6 26.Nxh6 Qxg4 27.Nxg4 Re6 28.g3 
Ng7 29.Ne3 Ree8 30.Nd5 Red8 31.a3 Ne6 32.Rad1 Rac8 33.Re3 Rf8 34.f4 exf4 
35.gxf4 Kg7 36.Rf1 Rh8 37.Rg3 Rh5 38.f5 Ng5 39.Nf4 Rhh8 40.Rxg5 1-0

[Event "IV Turniej Szachowy „Cztery Pory Roku” o Puchar Burmistrza Ursusa - grupa A"]
[Site "Dom Kultury "Kolorowa" Ursus ul. Sosnkowskiego 16"]
[Date "2011.??.??"]
[Round "7.1"]
[White "Jarmula, Pawel"]
[Black "Strzemiecki, Zbigniew"]
[Result "0-1"]
[WhiteElo "2081"]
[BlackElo "2422"]
[WhiteTitle "I"]
[BlackTitle "FM"]

1.d4 Nf6 2.c4 e6 3.Nf3 b6 4.g3 Bb7 5.Bg2 Be7 6.O-O O-O 7.Nc3 Ne4 8.Qd3 
Nxc3 9.bxc3 f5 10.Ne5 Bxg2 11.Kxg2 Qc8 12.f4 d6 13.Nf3 d5 14.Ne5 Qb7 15.
cxd5 Qxd5+ 16.Qf3 Bd6 17.Qxd5 exd5 18.a4 Bxe5 19.fxe5 Nc6 20.Ba3 Rf7 21.
Bb4 g6 22.e3 Nd8 23.Rac1 Nc6 24.Rf2 Rc8 25.Kf3 Rd7 26.h4 Nd8 27.Ba3 Ne6 
28.Rfc2 c5 29.c4 dxc4 30.Rxc4 Kf7 31.R4c3 Rd5 32.a5 bxa5 33.dxc5 Rc6 34.
Rb3 Rxe5 35.Rb7+ Nc7 36.Rxa7 Ke6 37.Rb1 Nd5 38.Rb3 h6 39.Rxa5 g5 40.hxg5 
hxg5 41.Ra8 g4+ 42.Kf2 Nf6 43.Rd3 Rd5 44.Rxd5 Ne4+ 45.Kg2 Kxd5 46.Rd8+ Kc4
47.Rd4+ Kb3 48.Bb4 Rc8 49.Kh2 Rc7 50.Kg2 Rc6 51.Kh2 Ra6 52.Be1 Ra7 53.Rb4+
Ka3 54.Rxe4 fxe4 55.Bc3 0-1

[Event "IV Turniej Szachowy „Cztery Pory Roku” o Puchar Burmistrza Ursusa - grupa A"]
[Site "Dom Kultury "Kolorowa" Ursus ul. Sosnkowskiego 16"]
[Date "2011.??.??"]
[Round "7.2"]
[White "Brudzinski, Maciej"]
[Black "Jarmula, Lukasz"]
[Result "0-1"]
[WhiteElo "1879"]
[BlackElo "1871"]
[WhiteTitle "I+"]
[BlackTitle "I"]

1.Nf3 Nf6 2.g3 g6 3.Bg2 Bg7 4.d3 O-O 5.c3 c5 6.Be3 d6 7.Qc1 Re8 8.Bh6 Bh8 
9.h4 e5 10.Bg5 h5 11.Nbd2 d5 12.O-O Bg4 13.e4 d4 14.Nc4 Nc6 15.a4 b6 16.
Qc2 Qd7 17.Nh2 Be6 18.f4 exf4 19.Rxf4 Nh7 20.Bh6 dxc3 21.bxc3 Nb4 22.cxb4 
Bxa1 23.bxc5 Bd4+ 24.Kh1 Bxc4 25.Qxc4 Be3 26.c6 Qe6 27.Qc3 Qe5 28.Qxe5 
Rxe5 29.Nf1 Bxf4 30.Bxf4 Rc5 31.d4 Rxc6 32.e5 Rac8 33.Bxc6 Rxc6 34.d5 Rc4 
35.a5 bxa5 36.Be3 a4 37.Nd2 Rc3 38.Bg5 a3 39.Nb1 a2 40.Nxc3 a1=Q+ 0-1

[Event "IV Turniej Szachowy „Cztery Pory Roku” o Puchar Burmistrza Ursusa - grupa A"]
[Site "Dom Kultury "Kolorowa" Ursus ul. Sosnkowskiego 16"]
[Date "2011.??.??"]
[Round "7.3"]
[White "Janczarski, Michal"]
[Black "Suliborski, Jakub"]
[Result "1/2-1/2"]
[WhiteElo "2331"]
[BlackElo "1902"]
[WhiteTitle "k++"]
[BlackTitle "I"]

1.c4 Nf6 2.g3 g6 3.Bg2 Bg7 4.Nc3 O-O 5.Nf3 d6 6.d3 e5 7.O-O Nc6 8.Bg5 Ne7 
9.Nd2 c6 10.b4 d5 11.b5 d4 12.Bxf6 Bxf6 13.Nce4 Bg7 14.bxc6 Nxc6 15.Rb1 
Rb8 16.Qa4 Bg4 17.Rfe1 Bh6 18.Rb2 f5 19.Nc5 Bxd2 20.Rxd2 f4 21.h3 fxg3 22.
fxg3 Qg5 23.Ne4 Qe3+ 24.Kh2 Bf3 25.Bxf3 Rxf3 26.exf3 Qxe1 27.Qd1 Qxd1 28.
Rxd1 b5 29.Nd6 bxc4 30.Nxc4 Kf7 31.Re1 Kf6 32.g4 h6 33.h4 a6 34.Kg3 a5 35.
Rc1 Ke6 1/2-1/2

[Event "IV Turniej Szachowy „Cztery Pory Roku” o Puchar Burmistrza Ursusa - grupa A"]
[Site "Dom Kultury "Kolorowa" Ursus ul. Sosnkowskiego 16"]
[Date "2011.??.??"]
[Round "7.4"]
[White "Eggink, Mateusz"]
[Black "Nowicki, Bartosz"]
[Result "1/2-1/2"]
[WhiteElo "1973"]
[BlackElo "2138"]
[WhiteTitle "II+"]
[BlackTitle "k"]

1.e4 c5 2.Nf3 Nc6 3.d4 cxd4 4.Nxd4 Nf6 5.Nc3 d6 6.Bc4 e6 7.Be3 Be7 8.O-O 
O-O 9.Qe2 Bd7 10.Rad1 a6 11.a4 Qc7 12.f4 Rac8 13.Ba2 Na5 14.Kh1 Nc4 15.Bc1
Qc5 16.Nf3 b5 17.e5 Ne8 18.axb5 axb5 19.Ne4 Qc7 20.exd6 Nexd6 21.c3 Rfd8 
22.Bb1 Bc6 23.Nd4 Bxe4 24.Bxe4 Nxe4 25.Qxe4 Nd6 26.Qe2 Qc4 27.Qg4 Bf6 28.
Nc2 Qa4 29.Nb4 Ne4 30.Be3 Qb3 31.Qf3 Qc4 32.b3 Qxb3 33.Rxd8+ Rxd8 34.Qxe4 
Bxc3 35.Nc6 Rd1 36.Rxd1 Qxd1+ 37.Bg1 g6 38.h3 h5 39.Kh2 Be1 40.Qd4 Qxd4 
41.Nxd4 b4 42.Be3 Kg7 43.Kg1 Kf6 44.Kf1 Bc3 45.Ke2 e5 46.fxe5+ Kxe5 47.Kd3
f5 48.Ne2 Be1 49.Bd4+ Ke6 50.Nf4+ Kf7 51.Kc4 Bd2 52.Nd3 g5 53.Nxb4 g4 54.
Nc2 f4 55.hxg4 hxg4 56.Kd3 Bc1 57.Ke4 Kg6 58.Ne1 Kg5 59.Nd3 Bd2 60.Be5 f3 
61.g3 Be1 62.Ke3 Ba5 63.Bf4+ Kf5 64.Bd6 Bb6+ 65.Bc5 Bc7 66.Kf2 Ke4 67.Nb2 
Kd5 68.Ba7 Ke4 69.Nd1 Kf5 70.Ne3+ Kg5 71.Bd4 Bb8 72.Nd5 Kf5 73.Nc3 Bd6 74.
Nb5 Bb8 75.Bb6 Be5 76.Bc7 Bb2 77.Bf4 Bg7 78.Nd6+ Ke6 79.Nb5 Bf8 80.Nd4+ 
Kf6 81.Ke1 Bb4+ 82.Kd1 Bc5 83.Be3 Bd6 84.Bf2 Ke5 85.Kd2 Ke4 86.Nc2 1/2-1/2

[Event "IV Turniej Szachowy „Cztery Pory Roku” o Puchar Burmistrza Ursusa - grupa A"]
[Site "Dom Kultury "Kolorowa" Ursus ul. Sosnkowskiego 16"]
[Date "2011.??.??"]
[Round "7.5"]
[White "Lewandrowski, Tomasz"]
[Black "Kaminska, Paulina"]
[Result "1-0"]
[WhiteElo "1835"]
[BlackElo "1914"]
[WhiteTitle "II+"]
[BlackTitle "k"]

1.e4 e5 2.Nf3 Nc6 3.Bb5 a6 4.Ba4 Nf6 5.O-O d6 6.Re1 b5 7.Bb3 Be7 8.c3 O-O 
9.h3 Nb8 10.d3 Nbd7 11.Nbd2 c5 12.Nf1 Nb6 13.Ng3 a5 14.Qe2 a4 15.Bc2 Re8 
16.d4 exd4 17.cxd4 c4 18.d5 Bf8 19.Be3 g6 20.Nd4 Bd7 21.Qd2 Qc7 22.f3 Rec8
23.Nge2 Bg7 24.a3 Rab8 25.Nc3 Na8 26.Na2 Qb7 27.Nb4 Ne8 28.Bd1 Nb6 29.f4 
c3 30.bxc3 Nc4 31.Qf2 Qb6 32.Ndc6 Nxe3 33.Rxe3 Bxc6 34.Nxc6 Rb7 35.Rb1 Qc7
36.Qd2 Nf6 37.Re1 Re8 38.Bc2 Qb6+ 39.Qf2 Qc7 40.Bd3 Nd7 41.Bxb5 Nc5 42.e5 
Rxb5 43.Rxb5 Nd3 44.Qe2 Nxe1 45.Qxe1 dxe5 46.Qe4 f5 47.Qxa4 e4 48.g3 e3 
49.Rb1 e2 50.Ne5 Qc5+ 51.Qd4 Qxa3 52.Re1 Bf8 53.Kg2 Qa2 54.Kf3 Rc8 55.Rxe2
Qa3 56.Nc6 Bg7 57.Qb4 Qa6 58.Ne7+ Kf7 59.Nxc8 Qd3+ 60.Kf2 Bxc3 61.Qe7+ Kg8
62.Qd8+ Kg7 63.Re7+ Kh6 64.Qf8+ Kh5 65.Rxh7# 1-0

[Event "IV Turniej Szachowy „Cztery Pory Roku” o Puchar Burmistrza Ursusa - grupa A"]
[Site "Dom Kultury "Kolorowa" Ursus ul. Sosnkowskiego 16"]
[Date "2011.??.??"]
[Round "7.6"]
[White "Matuszewski, Maciej"]
[Black "Grochulski, Grzegorz"]
[Result "0-1"]
[WhiteElo "1632"]
[BlackElo "2057"]
[WhiteTitle "II"]
[BlackTitle "I"]

1.d4 Nf6 2.c4 c5 3.e3 g6 4.Nf3 Bg7 5.Nc3 O-O 6.Bd3 cxd4 7.exd4 d5 8.O-O 
Nc6 9.Be3 Bg4 10.c5 e5 11.Be2 exd4 12.Nxd4 Bxe2 13.Ncxe2 Qe7 14.Nxc6 bxc6 
15.Bd4 Rab8 16.Re1 Rfe8 17.Ng3 Qxe1+ 18.Qxe1 Rxe1+ 19.Rxe1 Nd7 20.Bxg7 
Kxg7 21.b3 Kf6 22.f4 Rb5 23.Ne2 Rxc5 24.Nd4 Rc3 25.g4 h6 26.Re2 a6 27.b4 
Rc4 28.Nc2 Rxf4 29.h3 Ne5 30.Rf2 Rxf2 31.Kxf2 Ke6 32.Ke3 Kd6 33.Nd4 c5 34.
bxc5+ Kxc5 35.Nb3+ Kd6 36.Kd4 Nc6+ 37.Ke3 a5 38.a3 a4 39.Nd2 Kc5 40.Kd3 
Ne5+ 41.Kc3 d4+ 42.Kc2 Nc4 43.Nb1 Kd5 44.Kd3 f5 45.gxf5 gxf5 46.Nc3+ dxc3 
47.Kxc3 Nxa3 48.Kb4 f4 0-1

[Event "IV Turniej Szachowy „Cztery Pory Roku” o Puchar Burmistrza Ursusa - grupa A"]
[Site "Dom Kultury "Kolorowa" Ursus ul. Sosnkowskiego 16"]
[Date "2011.??.??"]
[Round "7.8"]
[White "Powalka, Michal"]
[Black "Rogalski, Krzysztof"]
[Result "1-0"]
[WhiteElo "1423"]
[BlackElo "1919"]
[WhiteTitle "II"]
[BlackTitle "I"]

1.e4 c5 2.Nf3 e6 3.d4 cxd4 4.Nxd4 a6 5.Bd3 Nf6 6.Nc3 Qc7 7.Be3 Nc6 8.O-O 
b5 9.a3 Bb7 10.f4 Nxd4 11.Bxd4 Bc5 12.Bxc5 Qxc5+ 13.Kh1 d6 14.Qe2 O-O 15.
Rad1 Rfd8 16.e5 dxe5 17.fxe5 Nd7 18.Bxh7+ Kf8 19.Ne4 Bxe4 20.Bxe4 Rac8 21.
Rxf7+ Kxf7 22.Qh5+ Kf8 23.Qh8+ Kf7 24.Qh5+ Ke7 25.Qh4+ Kf8 26.Rf1+ Nf6 27.
Qh8+ Kf7 28.Rxf6+ gxf6 29.Qh7+ Kf8 30.Qh8+ Ke7 31.Qg7+ 1-0

[Event "IV Turniej Szachowy „Cztery Pory Roku” o Puchar Burmistrza Ursusa - grupa A"]
[Site "Dom Kultury "Kolorowa" Ursus ul. Sosnkowskiego 16"]
[Date "2011.??.??"]
[Round "7.9"]
[White "Praczukowski, Stanislaw"]
[Black "Ciechonski, Piotr"]
[Result "1-0"]
[WhiteElo "1628"]
[BlackElo "1888"]
[WhiteTitle "II"]
[BlackTitle "I"]

1.d4 Nf6 2.c4 g6 3.g3 d5 4.cxd5 Nxd5 5.Bg2 Bg7 6.Nf3 O-O 7.O-O c6 8.e4 Nb6
9.Nc3 N8d7 10.Qc2 Nf6 11.Re1 Bd7 12.h3 e6 13.Be3 Nc4 14.Bc1 Re8 15.e5 Nd5 
16.Ne4 b5 17.b3 Ncb6 18.Nd6 Rf8 19.Ba3 b4 20.Bb2 f6 21.Nd2 fxe5 22.dxe5 
Qg5 23.N2e4 Qe7 24.Qe2 h6 25.Nc5 Kh7 26.Rac1 a5 27.a4 Nc8 28.Nce4 Nxd6 29.
Nxd6 Bh8 30.Rc5 Rfc8 31.Nb7 Ra7 32.Nd6 Raa8 33.Rc2 Rf8 34.Rec1 Rf5 35.Nxf5
gxf5 36.f4 Rg8 37.Bxd5 exd5 38.Kh2 Rg6 39.Rc5 Bg7 40.Rxa5 Bf8 41.Rac5 Qd8 
42.R5c2 c5 43.Rxc5 Bxc5 44.Rxc5 Bc8 45.Qd2 Bb7 46.Qxb4 Ba8 47.Bd4 h5 48.
Bf2 h4 49.gxh4 Qg8 50.Qd4 Rg2+ 51.Kh1 Rxf2 52.Qxf2 d4+ 53.Kh2 Qxb3 54.Qc2 
Qxc2+ 55.Rxc2 d3 56.Rd2 Be4 57.a5 Kg6 58.a6 Kf7 59.a7 Ke6 60.Rxd3 1-0

[Event "IV Turniej Szachowy „Cztery Pory Roku” o Puchar Burmistrza Ursusa - grupa A"]
[Site "Dom Kultury "Kolorowa" Ursus ul. Sosnkowskiego 16"]
[Date "2011.??.??"]
[Round "7.11"]
[White "Stezycka, Paulina"]
[Black "Rosiak, Tomasz"]
[Result "1-0"]
[WhiteElo "1571"]
[BlackElo "1450"]
[WhiteTitle "II+"]
[BlackTitle "II"]

1.e4 c6 2.d4 d5 3.Nc3 dxe4 4.Nxe4 Bf5 5.Ng3 Bg6 6.Nf3 Nf6 7.Bd3 Bxd3 8.
Qxd3 e6 9.O-O Bd6 10.Ne4 Nxe4 11.Qxe4 Nd7 12.Re1 Nf6 13.Qe2 h6 14.Bd2 O-O 
15.Rad1 Rc8 16.Ne5 Qc7 17.Qf3 Rfd8 18.Bxh6 gxh6 19.Qxf6 Qe7 20.Qxh6 Qf8 
21.Qh5 Qg7 22.Rd3 Bxe5 23.Rxe5 Kf8 24.Rg5 Rd5 25.Rxd5 cxd5 26.c3 Ke7 27.
Qh4+ Kd7 28.Rg3 Qf8 29.Qf6 Qe7 30.Qxe7+ Kxe7 31.Kf1 Rc6 32.h4 Rc8 33.Rh3 
f6 34.g4 Kf7 35.f4 Rh8 36.Kf2 Kg6 37.h5+ Kg7 38.Kf3 a6 39.Kg3 Kh6 40.Kh4 
Rg8 41.Re3 Re8 42.g5+ 1-0

[Event "IV Turniej Szachowy „Cztery Pory Roku” o Puchar Burmistrza Ursusa - grupa A"]
[Site "Dom Kultury "Kolorowa" Ursus ul. Sosnkowskiego 16"]
[Date "2011.??.??"]
[Round "7.13"]
[White "Wrzesinski, Gustaw"]
[Black "Chmielewska, Joanna"]
[Result "0-1"]
[WhiteElo "1342"]
[BlackElo "1717"]
[WhiteTitle "III"]
[BlackTitle "I+"]

1.d4 d5 2.c4 c6 3.Nc3 Nf6 4.e3 Qc7 5.Nf3 Bg4 6.Be2 e6 7.Bd2 Be7 8.O-O O-O 
9.Rc1 Qd8 10.cxd5 exd5 11.Ne5 Bxe2 12.Qxe2 Nbd7 13.Ng4 Nxg4 14.Qxg4 Nf6 
15.Qf3 Bb4 16.a3 Bd6 17.e4 dxe4 18.Nxe4 Nxe4 19.Qxe4 Re8 20.Qg4 Re6 21.
Rfe1 Rg6 22.Qd1 Qd7 23.h3 Qxh3 24.Kf1 Rxg2 25.Be3 Re8 26.Rc3 Bf4 27.Qd2 
Rg3+ 28.Ke2 Bxe3 29.Rxe3 Rexe3+ 30.Kd1 Qg4+ 31.Kc1 Rxe1+ 0-1

[Event "IV Turniej Szachowy „Cztery Pory Roku” o Puchar Burmistrza Ursusa - grupa A"]
[Site "Dom Kultury "Kolorowa" Ursus ul. Sosnkowskiego 16"]
[Date "2011.??.??"]
[Round "7.14"]
[White "Fraczek, Lukasz"]
[Black "Mincewicz, Tomasz"]
[Result "1-0"]
[WhiteElo "1503"]
[BlackElo "1386"]
[WhiteTitle "III"]
[BlackTitle "III"]

1.e4 c5 2.Nf3 d6 3.c3 Nf6 4.h3 Nc6 5.Bd3 e6 6.O-O Be7 7.Bc2 e5 8.a3 a5 9.
Re1 O-O 10.d4 cxd4 11.cxd4 exd4 12.Nxd4 Nxd4 13.Qxd4 Qc7 14.Nc3 Be6 15.Bf4
Rfd8 16.Rad1 Qc4 17.Qxc4 Bxc4 18.Rd4 Rac8 19.Red1 d5 20.exd5 Nxd5 21.Nxd5 
Bxd5 22.Bxh7+ Kxh7 23.Rxd5 Rxd5 24.Rxd5 b6 25.Be5 f6 26.Bd4 Rc6 27.Rb5 Bd8
28.g4 Bc7 29.Rd5 Kg6 30.Rb5 Kh7 31.Rb3 Kg6 32.Rc3 Rxc3 33.Bxc3 Kg5 34.Kg2 
g6 35.Bd4 f5 36.f3 fxg4 37.hxg4 Kf4 38.Bf2 Kg5 39.Bg3 Bd8 40.Kh3 Kh6 41.
Bf4+ g5 42.Be5 Kg6 43.Kg3 Be7 44.Bd4 Bd6+ 45.Kf2 Bc7 46.Ke3 Kf7 47.Ke4 Ke6
48.Be3 Bd8 49.f4 gxf4 50.Bxf4 Bf6 51.Bc1 Be5 52.a4 Bf6 53.b3 Be5 54.Be3 
Bc7 55.g5 Bd8 56.Kd4 Kd6 57.Kc4 Kc6 58.g6 1-0